000 01046cam a22002411 4500
001 ca 15001082
003 DLC
005 20260227111100.0
008 800304s1901 kyu 000 0 eng
010 _aca 15001082
035 _a(OCoLC)6047829
040 _aDLC
_cVi
_dDLC
042 _apremarc
050 0 0 _aKF8745.M3
_bD47 vol. 3
110 2 _aLouisville Bar Association.
245 0 0 _aProceedings of the Louisville Bar Association, John Marshall day, Louisville, February 4, 1901.
260 _a[Louisville,
_c1901]
300 _a87 p.
_c27 cm.
500 _aIn Dillon, J. F., comp. Centenary and memorial addresses and proceedings ... on Marhsall day, 1901. [New York, 190-] 28 cm. v. 3.
500 _aAddresses: John Marshall, by Charles B. Seymour.--Marbury v. Madison, by William Warwick Thum.--McCulloch v. State of Maryland, by William Marshall Bullitt.--The trial of Aaron Burr, by Edward J. McDermott.--Sturgis v. Crowninshield, by Bernard Flexner.
600 1 0 _aMarshall, John,
_d1755-1835.
650 0 _aJohn Marshall Day.
999 _c14847
_d14847